| 000 | 00596nam a2200205 a 4500 | ||
|---|---|---|---|
| 005 | 20240228063839.0 | ||
| 008 | 021008s1997 mx r 000 0 spa d | ||
| 020 | _a9681654234 | ||
| 035 | _aUPN01000120031 | ||
| 049 | _aI | ||
| 050 | 4 |
_aPZ74 _bI8.84 |
|
| 100 | 1 |
_aIsol, _d1972- |
|
| 245 | 1 | 0 |
_aVida de perros / _cIsol. |
| 260 |
_aSantafe de Bogotá ; _aMéxico : _bFCE, _c1997. |
||
| 300 |
_a[21] p. : _bprincipalmente il. col. |
||
| 440 | 4 | _aLos especiales de a la orilla del viento | |
| 650 | 4 |
_aCuentos infantiles _96744 |
|
| 650 | 4 |
_aLibros y lectura para niños _92290 |
|
| 905 | _aInfantil | ||
| 999 |
_c92381 _d92381 |
||